Представление документа в формате RUSMARC

ПолеНазваниеЗначение
  Тип записи i
  Библиографический уровень m
001 Контрольный номер RU\NLR\BIBL_A\012215351
005 Дата корректировки 20211217162021.7
010 Индекс ISBN __
a ISBN 978-5-9677-2862-4
b Уточнения в кор.
d Цена 227-00
100 Данные общей обработки __
a Данные общей обработки 20200211d2019####me y0rusy0289 ca
101 Язык документа 0_
a Язык текста rus
102 Страна публикации __
a Страна публикации RU
106 Кодированные данные (форма документа) __
a Кодированные данные для формы документа (Обозначение носителя) s
125 Кодированные данные звукозаписи и нотных изданий __
b Определитель литературного текста с
126 Кодированные данные (звукозаписи-физические характеристики) __
a Кодированные данные звукозаписи (общие) аgbхhхх сb
127 Кодированные данные (звукозаписи-физические характеристики) __
a Продолжительность проигрывания 0540##
135 Кодированные данные (электронные ресурсы) __
a Кодированные данные (электронные ресурсы) hongannnauuuu
139 Кодированные данные (электронные ресурсы) __
a Кодированные данные (электронные ресурсы) caz
181 Поле кодированных данных: вид содержания _0
a Код вида содержания (ISBD) h
182 Поле кодированных данных: тип средства _0
a Код типа средства (ISBD) a
200 Заглавие и сведения об ответственности 1_
a Заглавие Девочка с Патриарших
e Сведения, относящиеся к заглавию [роман : аудиокнига]
f Первые сведения об ответственности Екатерина Рождественская ; исполняет Татьяна Манетина ; режиссер: Виктория Козельцева ; генеральный продюсер Андрей Лобзов
203 Вид содержания и тип средства __
a Вид содержания Устная речь
c Тип средства аудио
210 Выходные данные 1_
a Место издания Москва
c Издательство 1С-Паблишинг
d Дата издания 2019
215 Физическое описание __
a Объем 1 электрон. опт. диск (CD-ROM) (5 ч. 40 мин.)
c Иллюстрации/тип воспроизводства зв.
d Формат 12 см
225 Серия 1_
a Серия Аудиокниги
225 Серия 1_
a Серия Наши современники
300 Общие примечания __
a Общие примечания Заглавие с этикетки диска
300 Общие примечания __
a Общие примечания Данные в формате MP3
330 Аннотация __
a Аннотация Екатерина Рождественская - популярный российский фотограф, журналист, переводчик, фэшн-дизайнер. От родителей - выдающегося поэта-шестидесятника Роберта Рождественского и критика Аллы Киреевой - унаследовала тягу к литературному творчеству. Послушайте великолепный психологический роман о борьбе со страхом. В старом доме в центре Москвы жила-была маленькая девочка Нина. Она ходила в школу, читала книги, играла с игрушками, долгие часы сидела на подоконнике и наблюдала за происходящим во дворе. Но она и представить не могла, что может увидеть однажды ночью. В пору, когда все спят, ее разбудит нечто ужасное. И этот ужас будет повторяться вновь и вновь… Прошло время, девочка выросла, но она отчетливо помнит каждый тот день из детства, точнее, каждую ночь. Глубокое и в эмоциональном плане непростое произведение о том, как сложно порой говорить о своих чувствах открыто.
333 Примечание о целевом назначении __
a Примечание о целевом назначении 16+. Для детей старше 16 лет
337 Примечание о системных требованиях (электронные ресурсы) __
a Примечание о системных требованиях (электронные ресурсы) Системные требования: MS Windows 95/98/2000/XP/Vista/7/8/10 ; Pentium 100 ; ОЗУ 16 Мб ; монитор SVGA, 800x600 ; устройство чтения CD/DVD-ROM ; звуковая карта ; колонки или наушники; мышь
606 Тематические рубрики __
a Основная рубрика Художественная литература
606 Тематические рубрики __
a Основная рубрика Современная русская литература (произведения)
610 Ключевые слова 0_
a Ключевые слова романы
610 Ключевые слова 0_
a Ключевые слова женская проза
610 Ключевые слова 0_
a Ключевые слова женские романы
610 Ключевые слова 0_
a Ключевые слова современная проза
610 Ключевые слова 0_
a Ключевые слова тема детства
610 Ключевые слова 0_
a Ключевые слова тема одиночества
610 Ключевые слова 0_
a Ключевые слова тема детских впечатлений
610 Ключевые слова 0_
a Ключевые слова тема отчаяния
610 Ключевые слова 0_
a Ключевые слова современная литература
610 Ключевые слова 0_
a Ключевые слова психологическая проза
610 Ключевые слова 0_
a Ключевые слова тема девочек
610 Ключевые слова 0_
a Ключевые слова тема маньяков
686 Индексы других классификаций __
a Классификационный индекс 84(2=411.2)6-4я04; ст84(2=411.2)6-4я0
2 Код системы rubbks
700 Автор _1
a Фамилия Рождественская
b Имя Е. Р.
f Даты 1957-
g Полное личное имя Екатерина Робертовна
3 Контрольный № нормативной записи RU\NLR\AUTH\770171841
4 Код отношения 070
702 Вторичная интеллектуальная ответственность _1
a Фамилия Манетина
b Имя Т.
g Полное личное имя Татьяна
4 Код отношения 590
702 Вторичная интеллектуальная ответственность _1
a Фамилия Козельцева
b Имя В.
g Полное личное имя Виктория
4 Код отношения 300
702 Вторичная интеллектуальная ответственность _1
a Фамилия Лобзов
b Имя А.
g Полное личное имя Андрей
4 Код отношения 665
801 Источник записи _0
a Страна RU
b Организация NLR
c Дата составления 20200211
g Правила каталогизации PSBO
801 Источник записи _1
a Страна RU
b Организация NLR
c Дата составления 20200211
2 Код формата rusmarc
g Правила каталогизации PSBO
801 Источник записи _2
a Страна RU
b Организация NLR
c Дата составления 20200317
2 Код формата rusmarc
g Правила каталогизации PSBO
852 Данные о местонахождении __
i Авторский знак Р 62
j Шифр хранения 84(2=411.2)6-4я04
899 Данные о местонахождении __
a Местонахождение ЦБС Сургут
900 Макрообъекты __
a Макрообъекты Девочка с патриарших, Е. Рождественская, 2019 г (эл. ресурс)
901 Тип документа __
a Ответственный ООФиК/Волкова
t Тип документа 0
903 Характеристики (МАРС) __
a Дата передачи 20210204
c Наименование библиотеки (МАРС) Муниципальное бюджетное учреждение культуры "Централизованная библиотечная система" г. Сургут (Центральная городская библиотека им. А. С. Пушкина)
969 Тип издания __
a Тип издания издание для слепых
a Тип издания аудиокнига
990 Данные о заказе (DOS) __
j Количество экземпляров (DOS) 3
t N записи в КСУ для И/У (DOS) 202102